000 00264nam a2200097Ia 4500
008 240331s9999 xx 000 0 und d
082 _bSIV
100 _aSivathamby, Karthigesu
245 0 _aYarlpanaththil Pulaimaiththuva Marapu :
_bOrr Illakkiya Kannoddam
942 _cL
999 _c2042
_d2042